00757nam a2200205Ia 4500008004100000040001800041041000800059100004900067245012900116260005000245300001900295490004100314500002200355500004000377650001600417650001500433650001500448700003700463740005100500130821s1955 sp gr spa  aCo-BoUCMbspa00aspa1 aAgustíncSantocObispo de Hiponad354-430.10aObras de San Agustín narraciones sobre los Salmos (2.a)cedición preparada por el padre Balbino Martín Pérez, O.S.A aMadrid (España)bEditorial Católicac1955 a1010 páginas 0aBiblioteca de autores cristianosv20 aIncluye índice. aTexto bilingue : Español-Latín. aFilosofía aReligión aTeología1 aMartín Pérez, Balbinoetrad.02aTratados sobre el evangelio de San Juan (1-35)